Normal view
MARC view
Entry Personal Name
001 - CONTROL NUMBER
- control field: 26580
003 - CONTROL NUMBER IDENTIFIER
- control field: ARRUPE
005 - DATE AND TIME OF LATEST TRANSACTION
- control field: 20161007113128.0
008 - FIXED-LENGTH DATA ELEMENTS
- fixed length control field: 161007|| aca||aabn | a|a d
040 ## - CATALOGING SOURCE
- Original cataloging agency: ARRUPE
- Transcribing agency: ARRUPE
100 ## - HEADING--PERSONAL NAME
- Personal name: Coughlan, Robert,
- Dates associated with a name: 1914-1992.
670 ## - SOURCE DATA FOUND
- Source citation: Work cat.: (ARRUPE)0: Coughlan, Robert, 1914-1992., The world of Michelangelo, 1475-1564,, [1966]